|
|
|
|
| LEADER |
00000cam a22000004a 4500 |
| 001 |
musev2_72685 |
| 003 |
MdBmJHUP |
| 005 |
20230905051500.0 |
| 006 |
m o d |
| 007 |
cr||||||||nn|n |
| 008 |
200106s2019 enk o 00 0 eng d |
| 020 |
|
|
|a 9781789624915
|
| 020 |
|
|
|z 9781789620801
|
| 035 |
|
|
|a (OCoLC)1134989278
|
| 040 |
|
|
|a MdBmJHUP
|c MdBmJHUP
|
| 100 |
1 |
|
|a Beaumont, Thomas,
|e author.
|
| 245 |
1 |
0 |
|a Fellow Travellers :
|b Communist Trade Unionism and Industrial Relations on the French Railways, 1914-1939 /
|c Thomas Beaumont.
|
| 264 |
|
1 |
|a Liverpool :
|b Liverpool University Press,
|c 2019.
|
| 264 |
|
3 |
|a Baltimore, Md. :
|b Project MUSE,
|c 2020
|
| 264 |
|
4 |
|c ©2019.
|
| 300 |
|
|
|a 1 online resource (282 pages).
|
| 336 |
|
|
|a text
|b txt
|2 rdacontent
|
| 337 |
|
|
|a computer
|b c
|2 rdamedia
|
| 338 |
|
|
|a online resource
|b cr
|2 rdacarrier
|
| 490 |
0 |
|
|a Studies in labour history ;
|v 13
|
| 506 |
0 |
|
|a Open Access
|f Unrestricted online access
|2 star
|
| 588 |
|
|
|a Description based on print version record.
|
| 650 |
|
7 |
|a TRANSPORTATION / Railroads / History
|2 bisacsh
|
| 650 |
|
7 |
|a Social conditions.
|2 fast
|0 (OCoLC)fst01919811
|
| 650 |
|
7 |
|a Railroads
|x Employees
|x Labor unions.
|2 fast
|0 (OCoLC)fst01088916
|
| 650 |
|
7 |
|a Politics and government.
|2 fast
|0 (OCoLC)fst01919741
|
| 650 |
|
7 |
|a Communism.
|2 fast
|0 (OCoLC)fst00870421
|
| 650 |
|
0 |
|a Communism
|z France
|x History
|y 20th century.
|
| 650 |
|
0 |
|a Railroads
|x Employees
|x Labor unions
|z France
|x History
|y 20th century.
|
| 651 |
|
7 |
|a France.
|2 fast
|0 (OCoLC)fst01204289
|
| 651 |
|
0 |
|a France
|x Social conditions
|y 20th century.
|
| 651 |
|
0 |
|a France
|x Politics and government
|y 1914-1940.
|
| 655 |
|
7 |
|a History.
|2 fast
|0 (OCoLC)fst01411628
|
| 655 |
|
7 |
|a Electronic books.
|2 local
|
| 710 |
2 |
|
|a Project Muse.
|e distributor
|
| 830 |
|
0 |
|a Book collections on Project MUSE.
|
| 856 |
4 |
0 |
|z Texto completo
|u https://projectmuse.uam.elogim.com/book/72685/
|